U.S. State Seals Quiz - Statistics

General Stats
  • This quiz has been taken 68 times
  • The average score is 35 of 50
Answer Stats
Picture Answer % Correct
Alabama
98%
New York
90%
Washington
90%
Louisiana
88%
Maryland
83%
Hawaii
81%
Kentucky
81%
Maine
81%
Virginia
81%
Illinois
79%
Rhode Island
79%
Massachusetts
76%
Utah
76%
Alaska
74%
California
74%
Connecticut
74%
Florida
74%
Georgia
74%
Missouri
74%
New Hampshire
74%
New Jersey
74%
Delaware
71%
Michigan
71%
Oregon
71%
Arizona
69%
Iowa
69%
Oklahoma
69%
Idaho
67%
New Mexico
67%
Texas
67%
Wisconsin
67%
Colorado
64%
Indiana
64%
Montana
64%
Nebraska
64%
Nevada
64%
North Carolina
64%
South Carolina
64%
Kansas
62%
Minnesota
62%
West Virginia
62%
North Dakota
60%
Tennessee
60%
Arkansas
57%
Mississippi
57%
Ohio
57%
Pennsylvania
57%
Wyoming
57%
Vermont
55%
South Dakota
52%
No matching quizzes found
Score Distribution
Percent of People with Each Score
Percentile by Number Answered
Your Score History
You have not taken this quiz